000 00595nam a2200133Ia 4500
008 100328s9999 xx 000 0 und d
082 _b14172
100 _aशेणोलीकर इ.श्री.
245 _aमहाराष्ट्र संस्कृती घडण आणि संस्कृती
260 _bसंजीव
630 _aमहाराष्ट्र संस्कृती घडण आणि संस्कृती
730 _aमहाराष्ट्र संस्कृती घडण आणि संस्कृती
942 _cBOOK
999 _c509167
_d509164